[Event "Helsingor Xtracon op"]
[Site "Helsingor"]
[Date "2019.07.27"]
[Round "9"]
[White "Munksgaard, Bo"]
[Black "Bering, Anders"]
[Result "1/2-1/2"]
[WhiteElo "1740"]
[BlackElo "1999"]
[PlyCount "59"]
[EventDate "2019.07.20"]
[EventType "swiss"]
[EventRounds "10"]
[EventCountry "DEN"]
[SourceTitle "CBM 191 Extra"]
[Source "ChessBase"]
[SourceDate "2019.09.30"]
[SourceVersion "1"]
[SourceVersionDate "2019.09.30"]
[SourceQuality "1"]

1. Nf3 c5 2. e4 d6 3. d3 Nc6 4. g3 g6 5. Bg2 Bg7 6. c3 e6 7. 0-0 Nge7 8. Be3 0-0 9. Qd2 f5 10. Na3 Rb8 11. Bh6 d5 12. Bxg7 Kxg7 13. e5 d4 14. c4 h6 15. h4 b6 16. Nc2 a5 17. b3 Bb7 18. a3 Qc7 19. Rfe1 Ra8 20. Rab1 Nb8 21. b4 axb4 22. axb4 Nd7 23. Ncxd4 cxd4 24. Nxd4 Qb8 25. Nxe6+ Kf7 26. Nxf8 Nxf8 27. Qxh6 Bxg2 28. Kxg2 Nc6 29. Qe3 Ne6 30. b5 1/2-1/2

[Event "Helsingor Xtracon op"]
[Site "Helsingor"]
[Date "2019.07.26"]
[Round "8"]
[White "Ramkilde, Mikael"]
[Black "Munksgaard, Bo"]
[Result "0-1"]
[WhiteElo "1957"]
[BlackElo "1740"]
[PlyCount "74"]
[EventDate "2019.07.20"]
[EventType "swiss"]
[EventRounds "10"]
[EventCountry "DEN"]
[SourceTitle "CBM 191 Extra"]
[Source "ChessBase"]
[SourceDate "2019.09.30"]
[SourceVersion "1"]
[SourceVersionDate "2019.09.30"]
[SourceQuality "1"]

1. e4 e6 2. d4 d5 3. Nc3 Nf6 4. Bg5 Be7 5. e5 Nfd7 6. h4 b6 7. Nb5 a6 8. Bxe7 Kxe7 9. Nc3 c5 10. Qg4 Rg8 11. dxc5 bxc5 12. f4 Nc6 13. Bd3 g6 14. Nf3 Qb6 15. f5 Qxb2 16. Nxd5+ exd5 17. 0-0 Ndxe5 18. Nxe5 Nxe5 19. f6+ Kd8 20. Qg3 Qc3 21. Rad1 Be6 22. Rfe1 Nd7 23. Re3 Qxf6 24. Rf1 Qd4 25. Qe1 c4 26. c3 Qb6 27. Bc2 Ne5 28. Kh1 Ng4 29. Ref3 Qd6 30. Rf4 h5 31. Qd2 Kc7 32. Qd4 Rab8 33. Qa7+ Rb7 34. Qd4 Kb8 35. g3 Rb2 36. Bd1 Qb6 37. Rxg4 hxg4 0-1

[Event "Helsingor Xtracon op"]
[Site "Helsingor"]
[Date "2019.07.23"]
[Round "5"]
[White "Glibstrup, Jakob"]
[Black "Munksgaard, Bo"]
[Result "1/2-1/2"]
[WhiteElo "1993"]
[BlackElo "1740"]
[PlyCount "79"]
[EventDate "2019.07.20"]
[EventType "swiss"]
[EventRounds "10"]
[EventCountry "DEN"]
[SourceTitle "CBM 191 Extra"]
[Source "ChessBase"]
[SourceDate "2019.09.30"]
[SourceVersion "1"]
[SourceVersionDate "2019.09.30"]
[SourceQuality "1"]

1. e4 e6 2. d4 d5 3. Nc3 Nf6 4. Bg5 Be7 5. e5 Nfd7 6. Bxe7 Qxe7 7. f4 b6 8. Nf3 Ba6 9. Qd2 Bxf1 10. Rxf1 a6 11. 0-0-0 c5 12. g4 Nc6 13. g5 g6 14. h4 0-0-0 15. Rde1 Kb7 16. Nd1 Rc8 17. Ne3 cxd4 18. Nxd4 Nxd4 19. Qxd4 Qc5 20. Qd2 h5 21. Kb1 Qb5 22. Rf3 Nc5 23. Nd1 Ne4 24. Qd3 Qa5 25. Re2 Rhd8 26. c3 Rc4 27. Nf2 Nxf2 28. Rexf2 Rdc8 29. Rf1 Qc5 30. Qe3 Qxe3 31. Rxe3 d4 32. cxd4 Rxd4 33. Ref3 Rd2 34. Rc1 Rxc1+ 35. Kxc1 Rh2 36. Rd3 Kc7 37. Rc3+ Kd7 38. Rd3+ Kc7 39. Rc3+ Kd7 40. Rd3+ 1/2-1/2

[Event "Helsingor Xtracon op"]
[Site "Helsingor"]
[Date "2019.07.21"]
[Round "3"]
[White "Andersen, Kim Nyvang"]
[Black "Munksgaard, Bo"]
[Result "1-0"]
[WhiteElo "2008"]
[BlackElo "1740"]
[PlyCount "67"]
[EventDate "2019.07.20"]
[EventType "swiss"]
[EventRounds "10"]
[EventCountry "DEN"]
[SourceTitle "CBM 191 Extra"]
[Source "ChessBase"]
[SourceDate "2019.09.30"]
[SourceVersion "1"]
[SourceVersionDate "2019.09.30"]
[SourceQuality "1"]

1. d4 Nf6 2. c4 g6 3. Nc3 Bg7 4. e4 d6 5. Nge2 e5 6. f3 Nc6 7. d5 Ne7 8. Be3 c6 9. Qd2 h6 10. g4 cxd5 11. cxd5 a6 12. a4 Qa5 13. Nc1 Bxg4 14. fxg4 Nxg4 15. b4 Qc7 16. b5 Nxe3 17. Qxe3 Rc8 18. N1a2 a5 19. b6 Qc5 20. Qxc5 Rxc5 21. Nb5 Kd7 22. Bh3+ f5 23. 0-0 Rf8 24. Rac1 Rfc8 25. Nc7 Rxc1 26. Nxc1 h5 27. Nb3 Bh6 28. Rf3 Bf4 29. Nxa5 g5 30. Bf1 Rxc7 31. Bb5+ Kc8 32. bxc7 Kxc7 33. Rc3+ Kd8 34. Nxb7# 1-0

[Event "Helsingor Xtracon op"]
[Site "Helsingor"]
[Date "2019.07.21"]
[Round "2"]
[White "Munksgaard, Bo"]
[Black "Huse, Lars Paul"]
[Result "1-0"]
[WhiteElo "1740"]
[BlackElo "1124"]
[PlyCount "45"]
[EventDate "2019.07.20"]
[EventType "swiss"]
[EventRounds "10"]
[EventCountry "DEN"]
[SourceTitle "CBM 191 Extra"]
[Source "ChessBase"]
[SourceDate "2019.09.30"]
[SourceVersion "1"]
[SourceVersionDate "2019.09.30"]
[SourceQuality "1"]

1. Nf3 Nc6 2. d4 d5 3. Bf4 Bf5 4. c3 Nf6 5. e3 a6 6. Nbd2 e6 7. Be2 h6 8. 0-0 Bd6 9. Bg3 Qd7 10. Re1 0-0-0 11. b4 b5 12. a4 Nb8 13. axb5 axb5 14. Ra5 c6 15. Qa1 Bxg3 16. hxg3 Rhf8 17. Ra7 Qd6 18. Ne5 Nfd7 19. f4 f6 20. Nef3 Rg8 21. Nb3 Nb6 22. Nc5 Qf8 23. Qa5 1-0

[Event "DEN-ch G7-2"]
[Site "Svendborg"]
[Date "2019.04.20"]
[Round "5"]
[White "Munksgaard, Bo"]
[Black "Jepsen, Ruben"]
[Result "1/2-1/2"]
[WhiteElo "1771"]
[BlackElo "1650"]
[PlyCount "30"]
[EventDate "2019.04.16"]
[EventType "swiss"]
[EventRounds "7"]
[EventCountry "DEN"]
[SourceTitle "EXT 2020"]
[Source "ChessBase"]
[SourceDate "2019.10.17"]
[SourceVersion "1"]
[SourceVersionDate "2019.10.17"]
[SourceQuality "1"]

1. f4 d6 2. Nf3 Bg4 3. e3 e5 4. h3 Be6 5. fxe5 dxe5 6. e4 Bc5 7. c3 Nc6 8. Bb5 a6 9. Bxc6+ bxc6 10. d4 exd4 11. cxd4 Bb6 12. Nc3 h6 13. Be3 Ne7 14. Qa4 0-0 15. 0-0 f5 1/2-1/2

[Event "DEN-ch G7-2"]
[Site "Svendborg"]
[Date "2019.04.19"]
[Round "4"]
[White "Rasmussen, Johnny Koust"]
[Black "Munksgaard, Bo"]
[Result "1/2-1/2"]
[WhiteElo "1821"]
[BlackElo "1771"]
[PlyCount "90"]
[EventDate "2019.04.16"]
[EventType "swiss"]
[EventRounds "7"]
[EventCountry "DEN"]
[SourceTitle "EXT 2020"]
[Source "ChessBase"]
[SourceDate "2019.10.17"]
[SourceVersion "1"]
[SourceVersionDate "2019.10.17"]
[SourceQuality "1"]

1. e4 c5 2. Nc3 e6 3. g3 Nc6 4. Bg2 a6 5. d3 Qc7 6. f4 d6 7. Nf3 b5 8. 0-0 Nf6 9. Re1 Rb8 10. e5 Nd7 11. exd6 Bxd6 12. Nd5 Qd8 13. f5 Nf6 14. Nxf6+ Qxf6 15. fxe6 Bxe6 16. Ng5 Ne5 17. Nxe6 Qxe6 18. Bc6+ Kf8 19. Bf4 h5 20. c3 Qf6 21. Bd5 h4 22. Bxe5 Bxe5 23. Rf1 Qd6 24. Rxf7+ Ke8 25. Qf3 hxg3 26. Bc6+ Kd8 27. Rd7+ Qxd7 28. Bxd7 Kxd7 29. hxg3 Rh6 30. Re1 Bd6 31. Qg4+ Kc6 32. Re6 Rf8 33. Rxh6 gxh6 34. Qe4+ Kb6 35. Qg6 Kc6 36. g4 Rf4 37. Kg2 a5 38. b3 a4 39. c4 bxc4 40. bxc4 a3 41. Qe8+ Kc7 42. Qe2 Kd7 43. Kh3 Rd4 44. Qc2 Ke7 45. Qe2+ Kf6 1/2-1/2

[Event "DEN-ch G7-3"]
[Site "Skorping"]
[Date "2017.04.17"]
[Round "7"]
[White "Bogo, Mathias"]
[Black "Munksgaard, Bo"]
[Result "0-1"]
[WhiteElo "1465"]
[BlackElo "1724"]
[PlyCount "146"]
[EventDate "2017.04.11"]
[EventType "swiss"]
[EventRounds "7"]
[EventCountry "DEN"]
[SourceTitle "EXT 2023"]
[Source "ChessBase"]
[SourceDate "2022.10.05"]
[SourceVersion "1"]
[SourceVersionDate "2022.10.05"]
[SourceQuality "1"]

1. e4 e6 2. Nc3 c5 3. d3 Nc6 4. Nf3 a6 5. d4 cxd4 6. Nxd4 Qc7 7. Bc4 Bb4 8. 0-0 Nf6 9. f3 Ne5 10. Bf4 d6 11. Bb3 0-0 12. Bxe5 dxe5 13. Nde2 Rd8 14. Qc1 Be7 15. Rd1 Bd7 16. a4 b5 17. axb5 axb5 18. Rxa8 Rxa8 19. Qd2 b4 20. Nb1 Rb8 21. Qe1 h6 22. Nd2 Bb5 23. Nc1 Rd8 24. Nf1 Rc8 25. Nd3 Rd8 26. Ne3 Bxd3 27. Rxd3 Rxd3 28. cxd3 Bc5 29. Kf1 Bxe3 30. Qxe3 Qd6 31. Ke2 Qd4 32. Qd2 Nd7 33. Qc2 Nc5 34. Bc4 Qg1 35. Qd2 Qxg2+ 36. Ke3 Qg1+ 37. Qf2 Qc1+ 38. Qd2 Qg1+ 39. Qf2 Qxf2+ 40. Kxf2 g5 41. Ke3 Kf8 42. Bb5 Ke7 43. h3 Nb3 44. Bc4 Nd4 45. Ba6 f5 46. Kf2 f4 47. Bc4 Kd6 48. b3 Kc5 49. Kg2 Ne2 50. Kf2 Nc1 51. Ke1 Kd4 52. Kd2 Na2 53. Bxe6 Nc3 54. Bc4 Nb1+ 55. Kc2 Nc3 56. Kd2 Nb1+ 57. Kc2 Nc3 58. Kd2 Kc5 59. Be6 Kd6 60. Bf5 Nb5 61. Bc8 Nd4 62. Bg4 Nxb3+ 63. Kc2 Nd4+ 64. Kb2 Kc5 65. Bh5 Ne2 66. Kc2 Kd4 67. Kb3 Kxd3 68. Kxb4 Ke3 69. Kc5 Ng1 70. Kd5 Nxf3 71. Bg4 Nd2 72. Kxe5 f3 73. Bxf3 Kxf3 0-1

[Event "DEN-ch G7-3"]
[Site "Skorping"]
[Date "2017.04.13"]
[Round "3"]
[White "Munksgaard, Bo"]
[Black "Jacobsen, Per"]
[Result "0-1"]
[WhiteElo "1724"]
[BlackElo "1574"]
[PlyCount "71"]
[EventDate "2017.04.11"]
[EventType "swiss"]
[EventRounds "7"]
[EventCountry "DEN"]
[SourceTitle "EXT 2023"]
[Source "ChessBase"]
[SourceDate "2022.10.05"]
[SourceVersion "1"]
[SourceVersionDate "2022.10.05"]
[SourceQuality "1"]

1. Nf3 f5 2. d4 Nf6 3. c4 e6 4. a3 c6 5. Bf4 d5 6. Nbd2 Be7 7. h3 0-0 8. e3 Nbd7 9. Bd3 Ne4 10. Qe2 Ndf6 11. 0-0-0 Bd7 12. Ne5 Be8 13. f3 Nd6 14. g4 Nd7 15. gxf5 Nxf5 16. Rdg1 Bf6 17. Qg2 Qe7 18. Bxf5 exf5 19. Qh2 Bh5 20. h4 dxc4 21. Nexc4 c5 22. Bd6 Qe6 23. Bxf8 Rxf8 24. Qd6 Qf7 25. Ne5 Nxe5 26. dxe5 Be7 27. Qd3 c4 28. Qc3 Qe6 29. f4 Be2 30. Rh2 Bg4 31. Rg3 Rc8 32. Nf3 Qc6 33. Nd4 Qd5 34. Qc2 Qd7 35. Qc3 Qa4 36. e4 0-1

[Event "DEN-ch G7-3"]
[Site "Skorping"]
[Date "2017.04.11"]
[Round "1"]
[White "Munksgaard, Bo"]
[Black "Nielsen, Rune"]
[Result "1-0"]
[WhiteElo "1724"]
[BlackElo "1339"]
[PlyCount "63"]
[EventDate "2017.04.11"]
[EventType "swiss"]
[EventRounds "7"]
[EventCountry "DEN"]
[SourceTitle "EXT 2023"]
[Source "ChessBase"]
[SourceDate "2022.10.05"]
[SourceVersion "1"]
[SourceVersionDate "2022.10.05"]
[SourceQuality "1"]

1. Nf3 Nc6 2. d4 d5 3. Bf4 Nf6 4. e3 Bf5 5. a3 h6 6. c4 dxc4 7. Nc3 Nh5 8. Bg3 Bg4 9. Bxc4 e6 10. Bb5 Nxg3 11. hxg3 h5 12. Qa4 Bxf3 13. gxf3 Qd7 14. Rc1 Rb8 15. Ne4 a6 16. Bxc6 bxc6 17. b4 Rb6 18. Ke2 Be7 19. Rc2 f5 20. Nc5 Qc8 21. Rhc1 Rh6 22. Nd3 Qd7 23. Ne5 Qd5 24. Rxc6 Rxc6 25. Rxc6 Kf8 26. Rxc7 Qd6 27. Rc8+ Bd8 28. Nc6 Kf7 29. Rxd8 Qc7 30. Ne5+ Kf6 31. Rf8+ Kg5 32. f4# 1-0

[Event "Praesto Friends vs Talents"]
[Site "Praesto"]
[Date "2013.06.08"]
[Round "1.19"]
[White "Kakulidis, Ellen"]
[Black "Munksgaard, Bo"]
[Result "1-0"]
[WhiteElo "1600"]
[BlackElo "1717"]
[PlyCount "71"]
[EventDate "2013.06.08"]
[EventType "team-match"]
[EventRounds "1"]
[EventCountry "DEN"]
[SourceTitle "EXT 2018"]
[Source "ChessBase"]
[SourceDate "2017.10.13"]
[SourceVersion "1"]
[SourceVersionDate "2017.10.13"]
[SourceQuality "1"]
[WhiteTeam "Talents"]
[BlackTeam "Praesto and friends"]
[WhiteTeamCountry "DEN"]
[BlackTeamCountry "DEN"]

1. d4 Nf6 2. c4 c5 3. d5 b5 4. b3 g6 5. Bb2 Bg7 6. Nd2 0-0 7. Ngf3 d6 8. e3 Bb7 9. Ng5 Nbd7 10. Rb1 h6 11. Nge4 Nxe4 12. Nxe4 b4 13. Bxg7 Kxg7 14. Be2 a5 15. g4 a4 16. h4 Rh8 17. h5 g5 18. Qc2 Re8 19. f4 gxf4 20. exf4 Qb6 21. g5 e6 22. gxh6+ Kxh6 23. Ng5 f5 24. Rh2 Nf6 25. Nxe6 Ne4 26. Bf3 Rxe6 27. dxe6 Re8 28. Bxe4 Bxe4 29. Qb2 Qd8 30. Rc1 a3 31. Qd2 Rxe6 32. Kf2 Qe8 33. Re1 Qf8 34. Rg1 Qe7 35. Qe3 Bc6 36. Rg6+ 1-0

[Event "Lovfalds 11th C"]
[Site "Ringsted"]
[Date "1997.09.19"]
[Round "1"]
[White "Henriksen, Kasper"]
[Black "Munksgaard, Bo"]
[Result "1-0"]
[WhiteElo "1513"]
[BlackElo "1349"]
[PlyCount "83"]
[EventDate "1997.09.19"]
[EventType "tourn"]
[EventRounds "5"]
[EventCountry "DEN"]
[SourceTitle "EXT 2023"]
[Source "ChessBase"]
[SourceDate "2022.10.05"]
[SourceVersion "1"]
[SourceVersionDate "2022.10.05"]
[SourceQuality "1"]

1. Nf3 Nf6 2. d4 g6 3. c4 Bg7 4. Nc3 d6 5. g3 0-0 6. Bg2 Nbd7 7. 0-0 c6 8. e4 e5 9. Re1 Re8 10. b3 exd4 11. Nxd4 Nc5 12. h3 a5 13. Rb1 Nfd7 14. f4 Qc7 15. Kh2 Nf6 16. a3 Na6 17. Be3 Nd7 18. Qd2 Ndc5 19. Red1 Bf8 20. b4 axb4 21. axb4 Ne6 22. b5 Nac5 23. bxc6 bxc6 24. Nxc6 Qxc6 25. e5 Qa6 26. Bxa8 Qxa8 27. Ra1 Qc6 28. exd6 Bd7 29. Nd5 Nb3 30. Qc3 Nxa1 31. Nf6+ Kh8 32. Nxe8+ Ng7 33. Nxg7 Bxg7 34. Bd4 Bxd4 35. Qxd4+ Kg8 36. Rxa1 Qf3 37. Rb1 Qa8 38. c5 Qa7 39. Qa1 Qxc5 40. Rb8+ Bc8 41. Qa8 Qc2+ 42. Qg2 1-0